| 000 | 00712nam a22001577a 4500 | ||
|---|---|---|---|
| 003 | OSt | ||
| 005 | 20151103093958.0 | ||
| 008 | 151103b xxu||||| |||| 00| 0 eng d | ||
| 040 | _cRUA | ||
| 082 | _aFOR MEA 1996 B122 Or.1 | ||
| 100 |
_93236 _aMEAS, POLET. |
||
| 245 | _aEnvironmentalimpact assessement on the agro-industrial development along road N.4 (ការវាយតំលៃហេតុប៉ះពាល់បរិស្ថានក្នុងការអភិវឌ្ឃន៏ដំណាំកសិ៌-ឧស្សាហកម្មនៅតាមបណ្ដោយផ្លូវជាតិលេខ៤) | ||
| 260 |
_aPhnom Penh _bRUA _c1996 |
||
| 300 |
_a68p. _bill. _c29cm. |
||
| 942 |
_2ddc _cFOR |
||
| 999 |
_c3023 _d3023 |
||